UBT Library

America in search of itself : (Record no. 42609)

000 -LEADER
fixed length control field 00612cam a2200217 a 4500
001 - CONTROL NUMBER
control field 1844079
005 - DATE AND TIME OF LATEST TRANSACTION
control field 20180215042633.0
008 - FIXED-LENGTH DATA ELEMENTS--GENERAL INFORMATION
fixed length control field 811103s1982 nyub 001 0 eng
010 ## - LIBRARY OF CONGRESS CONTROL NUMBER
LC control number 81047679
020 ## - INTERNATIONAL STANDARD BOOK NUMBER
International Standard Book Number 0060390077 :
Terms of availability $15.95
040 ## - CATALOGING SOURCE
Original cataloging agency DLC
Transcribing agency DLC
Modifying agency DLC
041 ## - LANGUAGE CODE
Language code of text/sound track or separate title eng
043 ## - GEOGRAPHIC AREA CODE
Geographic area code n-us---
080 ## - UNIVERSAL DECIMAL CLASSIFICATION NUMBER
Universal Decimal Classification number 973.92
082 00 - DEWEY DECIMAL CLASSIFICATION NUMBER
Classification number 973.92 WHI
Edition number 19
100 1# - Rafti
Rafti 16
101 ## - Shkurtesa
Shkurtesa HIS
245 10 - TITLE STATEMENT
Title America in search of itself :
Statement of responsibility, etc Theodore H. White ; [endpaper maps by Frank Ronan].
906 ## - LOCAL DATA ELEMENT F, LDF (RLIN)
a 7
b cbc
c orignew
d 1
e ocip
f 19
g y-gencatlg
942 ## - ADDED ENTRY ELEMENTS (KOHA)
Source of classification or shelving scheme
Item type Books
Holdings
Withdrawn status Lost status Source of classification or shelving scheme Damaged status Not for loan Collection code Permanent location Current location Shelving location Date acquired Total Checkouts Full call number Barcode Date last seen Price effective from Koha item type
          Koleksioni i përgjithshem UBT - Lipjan UBT - Lipjan Koleksioni i përgjithshem 02/15/2018   973.92 WHI 002-2997369 02/15/2018 02/15/2018 Books
UBT Library © 2015-2024. All rights reserved University Education for Business and Technology